[Event "Rishon Le Ziyyon"]
[Site "Rishon Le Ziyyon"]
[Date "1993.??.??"]
[Round "7"]
[White "Krays, Alexander"]
[Black "Votava, Jan"]
[Result "1-0"]
[WhiteElo "2330"]
[BlackElo "2425"]

1.e4 c5 2.Nf3 d6 3.Bb5+ Bd7 4.Bxd7+ Nxd7 5.O-O Ngf6 6.Re1 e6 7.c4 Be7 8.Nc3 O-O
9.d4 cxd4 10.Qxd4 Qa5 11.Qd2 Qc7 12.b3 a6 13.Bb2 Rfd8 14.Rad1 Ne5 15.Nd4 Nc6
16.Nc2 Ne8 17.f4 b5 18.Ne3 Qb7 19.Kh1 Bf6 20.Qe2 bxc4 21.Nxc4 Nd4 22.Qf2 Nb5
23.Qe3 Nxc3 24.Bxc3 Bxc3 25.Qxc3 Nf6 26.Qd4 d5 27.e5 Ne8 28.Ne3 g6 29.g4 a5
30.f5 a4 31.b4 a3 32.Rf1 Ra4 33.Rb1 Rb8 34.Nc2 Nc7 35.Rb3 Nb5 36.Qf4 Qe7
37.Rh3 Qf8 38.Qg5 Qg7 39.f6 Qf8 40.Rff3 Rc8 41.Rxh7 Kxh7 42.Rh3+  1-0

[Event "ROM-chT"]
[Site "ROM"]
[Date "1993.??.??"]
[Round "3"]
[White "Giurumia, Sorin"]
[Black "Istratescu, Andrei"]
[Result "0-1"]
[WhiteElo "2220"]
[BlackElo "2470"]

1.e4 c5 2.Nf3 d6 3.Bb5+ Nd7 4.d4 Nf6 5.Nc3 cxd4 6.Qxd4 a6 7.Bxd7+ Bxd7 8.Bg5 h6
9.Bxf6 gxf6 10.O-O e6 11.Rfe1 Be7 12.Rad1 Rc8 13.Qe3 Kf8 14.Rd3 Qc7 15.Qf4 Qc5
16.e5 dxe5 17.Rxe5 fxe5 18.Nxe5 Be8 19.Ne4 Qxc2  0-1

[Event "ROM-chT"]
[Site "ROM"]
[Date "1993.??.??"]
[Round "5"]
[White "Urzica, Aurel"]
[Black "Pavlov, Mircea"]
[Result "1/2-1/2"]
[WhiteElo "2370"]
[BlackElo "2385"]

1.e4 c5 2.Nf3 d6 3.Bb5+ Bd7 4.Bxd7+ Nxd7 5.O-O Ngf6 6.Qe2 e6 7.c3 Be7 8.d4 O-O
9.Rd1 Qc7 10.Bg5 Rfe8  1/2-1/2

[Event "Rostov op"]
[Site "Rostov"]
[Date "1993.??.??"]
[Round "?"]
[White "Namgilov, Sogto"]
[Black "Dvoirys, Semen I"]
[Result "0-1"]
[WhiteElo "2440"]
[BlackElo "2565"]

1.e4 c5 2.Nf3 d6 3.Bb5+ Nc6 4.O-O Bd7 5.Re1 Nf6 6.c3 a6 7.Bf1 e5 8.d4 Qc7
9.Nbd2 Be7 10.d5 Na7 11.a4 b5 12.b3 O-O 13.Bb2 Rfb8 14.Qc2 Nc8 15.axb5 axb5
16.c4 b4 17.Rxa8 Rxa8 18.Ra1 Rxa1 19.Bxa1 Qa7 20.Bb2 g6 21.Ne1 Nh5 22.Qb1 Bg5
23.Ndf3 Bh6 24.g3 f5 25.Bh3 Ne7 26.Nh4 fxe4 27.Bxd7 Qxd7 28.Qxe4 Nf6 29.Qf3 Bg5
30.Nhg2 Qh3 31.Ne3 Nf5 32.Nxf5 gxf5 33.Qg2 Qh5 34.f3 Kf7 35.Qe2 Qg6 36.Nd3 Nd7
37.Kf1 Be7 38.Nf2 h5 39.Qd3 Bg5 40.Ke2 Nf6 41.Kf1 h4 42.Ke1 hxg3 43.hxg3 Nh5
44.f4 exf4 45.gxf4 Bxf4 46.Qh3 Qg1+ 47.Ke2 Kg6 48.Nd3 Ng3+  0-1

[Event "San Fernando op"]
[Site "San Fernando"]
[Date "1993.??.??"]
[Round "6"]
[White "Szmetan, Jorge"]
[Black "Sorokin, Maxim"]
[Result "0-1"]
[WhiteElo "2420"]
[BlackElo "2490"]

1.e4 c5 2.Nf3 d6 3.Bb5+ Bd7 4.Bxd7+ Nxd7 5.O-O g6 6.c3 Ngf6 7.Re1 Bg7 8.d4 cxd4
9.cxd4 O-O 10.Nc3 Nb6 11.b3 Rc8 12.Bb2 e6 13.Qd3 a6 14.a4 Re8 15.Ba3 Rc6
16.Rac1 Nfd7 17.Na2 Rxc1 18.Rxc1 d5 19.e5 Nb8 20.h4 Nc6 21.g3 Nd7 22.Bd6 f6
23.exf6 Qxf6 24.Nb4 Nxd4 25.Nxd4 Qxd4 26.Qxd4 Bxd4 27.Rc7 Nf6 28.Nc2 Bxf2+
29.Kg2 Ng4 30.Rxb7 e5 31.Nb4 d4 32.Kf3 h5 33.Be7 Be3 34.Nd3 e4+ 35.Kxe4 Kf7
36.Nb4 Rxe7+ 37.Rxe7+ Kxe7 38.Nxa6 Bf2 39.Nb4 Bxg3 40.Nc6+ Kd6 41.Nxd4 Bxh4
42.a5 Bf2 43.Ne2 Nf6+ 44.Kf3 Bc5 45.Kf4 Ke6 46.a6 Nd5+  0-1

[Event "San Fernando op"]
[Site "San Fernando"]
[Date "1993.??.??"]
[Round "6"]
[White "Slipak, Sergio"]
[Black "Quinteros, Miguel A"]
[Result "0-1"]
[WhiteElo "2405"]
[BlackElo "2505"]

1.e4 c5 2.Nf3 d6 3.Bb5+ Nd7 4.c3 Nf6 5.d3 a6 6.Ba4 g6 7.O-O Bg7 8.Re1 O-O
9.d4 b5 10.Bc2 Bb7 11.Bg5 h6 12.Bh4 e5 13.Nbd2 Qb6 14.Nf1 cxd4 15.cxd4 exd4
16.Qxd4 Qxd4 17.Nxd4 Rfe8 18.Bxf6 Bxf6 19.Rad1 d5 20.Ng3 Nc5 21.Nb3 Rac8
22.Nxc5 Rxc5 23.Bb3 Bxb2 24.Re2 Bf6 25.Bxd5 Bxd5 26.exd5 Rxe2 27.Nxe2 Rc2
28.Ng3 Rxa2 29.Ne4 Bd8 30.g4 Rc2 31.Rb1 Kf8 32.d6 Rc4 33.f3 Ke8 34.Kf2 Kd7
35.Ke2 f5 36.gxf5 gxf5 37.Ng3 Rc8 38.Rd1 b4 39.Ke3 a5 40.Ne2 Bf6 41.Nc1 a4
42.Nd3 Rb8  0-1

[Event "San Isidoro op"]
[Site "San Isidoro"]
[Date "1993.??.??"]
[Round "6"]
[White "De las Heras, Juan Carlos"]
[Black "Quinteros, Miguel A"]
[Result "1/2-1/2"]
[WhiteElo "2325"]
[BlackElo "2505"]

1.e4 c5 2.Nf3 d6 3.Bb5+ Nd7 4.c3 Nf6 5.Qe2 a6 6.Ba4 Qc7 7.O-O c4 8.Bc2 g6
9.a4 Qc5 10.b3 cxb3 11.Bxb3 Qc6 12.Ng5 e6 13.Re1 Bg7 14.d4 O-O 15.Ba3 Re8
16.Bb4 Qc7 17.a5 h6 18.Nf3 Nb8 19.Nbd2 Nc6 20.Rec1 Bd7 21.Qe1 Rad8 22.e5 dxe5
23.dxe5 Nd5 24.Bd6 Qc8 25.Ne4 Nce7 26.c4 Nc7 27.Bc5 Qb8 28.Nd6 Rf8 29.Nd4 Nc6
30.Nxc6 Bxc6 31.Ba4 Bxa4 32.Rxa4 Rd7 33.Rb4 Ne8 34.Rcb1 Nxd6 35.Bxd6 Qc8
36.c5 Qc6 37.Rb6 Qa4 38.g3 Rc8 39.Rxb7 Rxb7 40.Rxb7 Qd4 41.Rb6 Bf8 42.Bxf8 Kxf8
43.c6 Qc4 44.Qf1 Rxc6 45.Qxc4 Rxc4  1/2-1/2

[Event "ARG-chJ"]
[Site "San Jorge"]
[Date "1993.??.??"]
[Round "3"]
[White "Moreno, Javier"]
[Black "Langier, Daniel"]
[Result "1/2-1/2"]
[WhiteElo "2170"]
[BlackElo "2355"]

1.e4 c5 2.Nf3 d6 3.Bb5+ Bd7 4.Bxd7+ Nxd7 5.O-O e6 6.c3 Ngf6 7.Qe2 Be7 8.d4 O-O
9.Bg5 h6 10.Bh4 cxd4 11.cxd4 d5 12.e5 Ne4 13.Bxe7 Qxe7 14.Nbd2 Nxd2 15.Qxd2 Rfc8  1/2-1/2

[Event "Santiago ARAIS tt"]
[Site "Santiago"]
[Date "1993.??.??"]
[Round "4"]
[White "Labra, Martin"]
[Black "Letelier Martner, Rene"]
[Result "1-0"]
[WhiteElo "2125"]
[BlackElo "2215"]

1.e4 c5 2.Nf3 d6 3.Bb5+ Bd7 4.Bxd7+ Qxd7 5.d4 cxd4 6.Nxd4 Nf6 7.Nc3 Nc6 8.O-O e6
9.Be3 Ne5 10.Qe2 Rc8 11.Rad1 Rxc3 12.bxc3 Nxe4 13.Qe1 d5 14.f3 Nd6 15.Nb3 Nec4
16.Bd4 b6 17.Qe2 f6 18.Rfe1 Kf7 19.Bf2 Nb5 20.Qxc4 dxc4 21.Rxd7+ Ke8 22.Rb7 cxb3
23.Rxe6+ Kd8 24.axb3 Nd6 25.Rxa7 Nc8 26.Rb7 Nd6 27.Bxb6+ Kc8 28.Rc7+ Kb8
29.c4 Nc8 30.c5  1-0

[Event "Sao Paulo zt"]
[Site "Sao Paulo"]
[Date "1993.??.??"]
[Round "3"]
[White "Van Riemsdijk, Herman C"]
[Black "Trindade, Sandro Heleno"]
[Result "1-0"]
[WhiteElo "2400"]
[BlackElo "2315"]

1.e4 c5 2.Nf3 d6 3.Bb5+ Nc6 4.O-O Qb6 5.Nc3 Bg4 6.a4 a6 7.a5 Qd8 8.Ba4 Nf6
9.Re1 Nd7 10.h3 Bxf3 11.Qxf3 e6 12.Bxc6 bxc6 13.Qg3 g6 14.d3 Rb8 15.Ra2 Be7
16.Bh6 Rg8 17.Rf1 f5 18.exf5 exf5 19.Re1 Ne5 20.Bf4 Nf7 21.Na4 g5 22.Nb6 Rg6
23.Bd2 f4 24.Qf3 d5 25.Qh5 Rh6 26.Qg4 Qc7 27.Raa1 Rd8 28.Re2 Kf8 29.Rae1 Bf6
30.Bc3 d4 31.Bd2 Kg7 32.Re6 Rg6 33.Nc4 Nh6 34.Qf3 Rd5 35.Qe4 Nf7 36.Nb6 Rd6
37.Qf5 Nh6 38.Qxc5 Rxe6 39.Rxe6 g4 40.Rxc6 Qd8 41.Rc8 Rg5 42.Qxg5+ Bxg5 43.Rxd8 Bxd8
44.Bxf4 gxh3 45.Bxh6+  1-0

[Event "Seefeld op"]
[Site "Seefeld"]
[Date "1993.??.??"]
[Round "6"]
[White "Basagic, Zlatko"]
[Black "Pilz, Dieter"]
[Result "1-0"]
[WhiteElo "2415"]
[BlackElo "2250"]

1.e4 c5 2.Nf3 d6 3.Bb5+ Bd7 4.Bxd7+ Qxd7 5.c4 Nc6 6.Nc3 e6 7.O-O Nf6 8.d4 cxd4
9.Nxd4 Be7 10.b3 O-O 11.Bb2 Rfd8 12.Re1 Bf8 13.Nf3 d5 14.e5 Ne8 15.cxd5 exd5
16.Qe2 Nc7 17.Rad1 Bb4 18.a3 Bxc3 19.Bxc3 Ne6 20.Bd4 Rac8 21.Qe3 b5 22.g3 b4
23.a4 Ncxd4 24.Nxd4 Rc3 25.Rd3 Nxd4 26.Qxd4 Rxd3 27.Qxd3 d4 28.Rc1 Qd5 29.f4 g6
30.Kf2 a5 31.Qc4 Qe4 32.Re1 Qf5 33.e6 fxe6 34.Rxe6 Qf7 35.Ke2 Kh8 36.Kd2 Qf5
37.Qc7 Qxe6 38.Qxd8+ Kg7 39.Qxd4+ Kh6 40.Qd3 Qf6 41.Ke3 Qb2 42.h4 Qg2 43.Kd4 Qb2+
44.Ke4 Qg2+ 45.Ke5 Qb2+ 46.Kd6 Qc3 47.Qd5 Qxg3 48.Qg5+ Qxg5 49.hxg5+ Kh5
50.Kc5 Kg4 51.Kb5  1-0

[Event "Sevilla op"]
[Site "Sevilla"]
[Date "1993.??.??"]
[Round "4"]
[White "Galego, Luis"]
[Black "Suba, Mihai"]
[Result "0-1"]
[WhiteElo "2390"]
[BlackElo "2520"]

1.e4 c5 2.Nf3 d6 3.Bb5+ Nd7 4.O-O a6 5.Bxd7+ Bxd7 6.d4 cxd4 7.Qxd4 e5 8.Qd3 h6
9.Nc3 Nf6 10.a4 Rc8 11.a5 Be7 12.Be3 Be6 13.Rfe1 O-O 14.Bb6 Qe8 15.Nd2 Qc6
16.Nf1 Bd8 17.Bxd8 Rfxd8 18.Ne3 d5 19.exd5 Bxd5 20.Qf5 Qc7 21.Red1 Be6 22.Qf3 Rd4
23.h3 e4 24.Qe2 Rb4 25.Rdb1 Qe5 26.Qe1 Rd8 27.b3 Rbd4 28.Na4 Nh5 29.Rd1 Nf4
30.Rxd4 Rxd4 31.Nc3 Rd7 32.Rd1 Qxc3  0-1

[Event "Skei"]
[Site "Skei"]
[Date "1993.??.??"]
[Round "8"]
[White "Engedal, Kim Nikolai"]
[Black "Baburin, Alexander"]
[Result "1-0"]
[WhiteElo "2240"]
[BlackElo "2550"]

1.e4 c5 2.Nf3 d6 3.Bb5+ Nd7 4.O-O Nf6 5.Re1 g6 6.e5 dxe5 7.Nxe5 Bg7 8.d3 O-O
9.Bxd7 Nxd7 10.Nf3 b6 11.Nc3 Bb7 12.Bg5 Re8 13.Qe2 h6 14.Bh4 Qc7 15.Bg3 e5
16.Nb5 Qc6 17.Qe4 Qc8 18.Qe2 Re6 19.Nd2 f5 20.f3 Qc6 21.d4 Ba6 22.c4 Bxb5
23.d5  1-0

[Event "SLO-ch"]
[Site "?"]
[Date "1993.??.??"]
[Round "?"]
[White "Pavasovic, Dusko"]
[Black "Tratar, Marko"]
[Result "1/2-1/2"]
[WhiteElo "2295"]
[BlackElo "2290"]

1.e4 c5 2.Nf3 d6 3.Bb5+ Bd7 4.Bxd7+ Nxd7 5.O-O Ngf6 6.Qe2 e6 7.a3 Be7 8.d4 O-O
9.e5 Ne8 10.dxc5 Nxc5 11.Rd1 Qb6 12.Be3  1/2-1/2

[Event "Sochi"]
[Site "Sochi"]
[Date "1993.??.??"]
[Round "?"]
[White "Arkhipov, Sergey"]
[Black "Petrushin, Alexander I"]
[Result "1/2-1/2"]
[WhiteElo "2520"]
[BlackElo "2410"]

1.e4 c5 2.Nf3 d6 3.Bb5+ Bd7 4.Bxd7+ Nxd7 5.O-O e6 6.c3 Ngf6 7.Qe2 Rc8 8.Rd1 h6
9.d4 cxd4 10.cxd4 d5 11.e5 Ng8 12.Nbd2 Ne7 13.Nf1 Nf5 14.Bd2 Rc4 15.Qd3 Be7
16.Rac1 Nb6 17.b3 Rxc1 18.Rxc1 Ba3 19.Rc2 O-O 20.Ba5 Qd7 21.Ng3 Nxg3 22.hxg3 Rc8  1/2-1/2

[Event "Sochi"]
[Site "Sochi"]
[Date "1993.??.??"]
[Round "?"]
[White "Arkhipov, Sergey"]
[Black "Ryskin, Alexander"]
[Result "1/2-1/2"]
[WhiteElo "2520"]
[BlackElo "2515"]

1.e4 c5 2.Nf3 d6 3.Bb5+ Bd7 4.Bxd7+ Qxd7 5.O-O Nf6 6.e5 dxe5 7.Nxe5 Qc7 8.d4 e6
9.Bf4 Bd6 10.Na3 Bxe5 11.dxe5 Nd5 12.Nb5 Qe7 13.Qg4 O-O 14.Bg5 f6 15.exf6 Nxf6
16.Rae1 Nc6 17.Qxe6+ Qxe6 18.Rxe6 Rae8 19.Rxe8 Rxe8 20.Be3 Ng4 21.Nd6 Re5
22.Nxb7 Nxe3 23.fxe3 Nb4 24.c3 Nd3 25.b3 Rxe3 26.h3 Re2 27.Rf3 c4 28.Nd6 Rxa2
29.Nxc4 Nc1 30.b4 Rc2 31.Ne5 Ne2+ 32.Kf1 Nxc3 33.Rd3 h5 34.Rd7 a6 35.Nf3 Ne4
36.Ra7 Rb2 37.Rxa6 Rxb4 38.h4 Rb2  1/2-1/2

[Event "St Martin op"]
[Site "St Martin"]
[Date "1993.??.??"]
[Round "7"]
[White "Scotto, Marco"]
[Black "Zaltsman, Vitaly F"]
[Result "0-1"]
[WhiteElo "2255"]
[BlackElo "2465"]

1.e4 c5 2.Nf3 d6 3.Bb5+ Bd7 4.Bxd7+ Nxd7 5.O-O Ngf6 6.Qe2 e6 7.c4 g6 8.d4 Bg7
9.Nc3 O-O 10.Rd1 Qb6 11.b3 Rad8 12.h3 cxd4 13.Nxd4 Nc5 14.Be3 Qa5 15.Bd2 Qc7
16.Bg5 h6 17.Bh4 a6 18.f4 Rc8 19.Rac1 b6 20.Nf3 Qb7 21.Re1 Nh5 22.Qe3 b5
23.g4 Nxf4 24.Qxf4 Nd3 25.Qxd6 bxc4 26.b4 Qa7+ 27.Kf1 g5 28.Qg3 gxh4 29.Qxh4 Nxc1
30.g5 h5  0-1

[Event "St Petersburg op"]
[Site "St Petersburg"]
[Date "1993.??.??"]
[Round "?"]
[White "Kalegin, Evgenij"]
[Black "Zagrebelny, Sergey"]
[Result "1/2-1/2"]
[WhiteElo "2445"]
[BlackElo "2535"]

1.e4 c5 2.Nf3 d6 3.Bb5+ Bd7 4.Bxd7+ Nxd7 5.O-O Ngf6 6.Qe2 e6 7.c3 Be7 8.d4 O-O
9.e5 Ne8 10.Rd1 Rc8 11.dxc5 Nxc5 12.c4 Qb6 13.Nc3 dxe5 14.Nxe5 Nf6 15.Be3 Rfd8
16.Na4 Qc7 17.Bxc5 Bxc5 18.Nxc5 Qxc5 19.Rxd8+  1/2-1/2

[Event "St Petersburg op"]
[Site "St Petersburg"]
[Date "1993.??.??"]
[Round "?"]
[White "Kalegin, Evgenij"]
[Black "Serper, Grigory"]
[Result "1-0"]
[WhiteElo "2445"]
[BlackElo "2575"]

1.e4 c5 2.Nf3 d6 3.Bb5+ Bd7 4.Bxd7+ Nxd7 5.O-O Ngf6 6.Qe2 e6 7.c3 Be7 8.d4 O-O
9.e5 Ne8 10.Rd1 Rc8 11.Qe4 d5 12.Qg4 Qb6 13.Nbd2 cxd4 14.cxd4 f6 15.Re1 fxe5
16.Nxe5 Nxe5 17.Rxe5 Rc6 18.Nf3 Nf6 19.Qh3 Ne4 20.Be3 g6 21.Rf1 Bf6 22.Rxe4 dxe4
23.d5 Qc7 24.dxc6 exf3 25.Qxe6+ Rf7 26.Rc1 Kg7 27.gxf3 Re7 28.Bh6+ Kxh6 29.Qxf6 bxc6
30.Rc4 Re5 31.Rh4+ Rh5 32.Qf8+ Qg7 33.Qxg7+ Kxg7 34.Rxh5 gxh5 35.Kg2 Kf6
36.f4 Ke6 37.Kf3 Kd5 38.Ke3  1-0

[Event "Stockerau"]
[Site "Stockerau"]
[Date "1993.??.??"]
[Round "6"]
[White "Rasik, Vitezslav"]
[Black "Votava, Jan"]
[Result "1/2-1/2"]
[WhiteElo "2415"]
[BlackElo "2425"]

1.e4 c5 2.Nf3 d6 3.Bb5+ Bd7 4.Bxd7+ Nxd7 5.O-O Ngf6 6.Qe2 e6 7.c3 Be7 8.d4 O-O
9.Bg5 h6 10.Bh4 cxd4 11.cxd4 d5 12.e5 Ne4 13.Bxe7 Qxe7 14.Nbd2 Nxd2 15.Qxd2 Nb6
16.Rfc1 Nc4 17.Qe2 Rfc8 18.Rc2 Rc7 19.Rac1 Rac8 20.h3 b5 21.Ne1 a5 22.Nd3 b4
23.g3 Qd7 24.h4  1/2-1/2

[Event "Rilton Cup op9394"]
[Site "Stockholm"]
[Date "1993.??.??"]
[Round "9"]
[White "Brynell, Stellan"]
[Black "Kulaots, Kaido"]
[Result "1/2-1/2"]
[WhiteElo "2470"]
[BlackElo "2330"]

1.e4 c5 2.Nf3 d6 3.Bb5+ Bd7 4.Bxd7+ Qxd7 5.O-O Nf6 6.e5 dxe5 7.Nxe5 Qc7 8.d4 cxd4
9.Qxd4 Nc6 10.Nxc6 Qxc6 11.Bg5 Ne4 12.Bh4 Nd6 13.Nc3 Nf5 14.Qg4 e6 15.Rad1 Nxh4
16.Qxh4 Be7 17.Qd4 Bf6 18.Qb4 Be7 19.Qb5 Rc8 20.Qa5 a6 21.Rd3 O-O 22.Rfd1 b6
23.Qe5 Bf6 24.Qe3 b5 25.Ne4 Be7 26.c3 Rcd8 27.h3 h6 28.Ng3 Rxd3 29.Rxd3 Qc4
30.b3 Qc7 31.Ne4 Rd8 32.Rxd8+ Qxd8 33.Qa7 f5 34.Ng3 Qd6 35.c4 bxc4 36.bxc4 Kh7
37.Nf1 Kg6 38.Ne3 Kf7 39.Qb7 h5 40.g3 g6 41.a4 a5 42.Qb5 Qb4 43.Kg2 Qc3 44.Kf3 h4
45.gxh4 Bxh4 46.c5 Qd2 47.Qe2 Qd7 48.Qb5 Qd2 49.Qe2 Qd7 50.Qb5  1/2-1/2

[Event "EU-ch U16 Girls"]
[Site "Szombathely"]
[Date "1993.??.??"]
[Round "9"]
[White "Lakos, Nikoletta"]
[Black "Blazkova, Petra"]
[Result "1-0"]
[WhiteElo "2215"]
[BlackElo "2200"]

1.e4 c5 2.Nf3 d6 3.Bb5+ Bd7 4.Bxd7+ Qxd7 5.O-O Nc6 6.c3 Nf6 7.Re1 e6 8.d4 cxd4
9.cxd4 d5 10.e5 Ne4 11.Nc3 Nxc3 12.bxc3 Be7 13.Re3 Na5 14.Ne1 O-O-O 15.Rg3 Rhg8
16.Qh5 g6 17.Qxh7 Rdf8 18.Qh3 Rh8 19.Qg4 Rh5 20.Rh3 Qc6 21.Bh6 Rh8 22.Rxh5 gxh5
23.Qf4 Ba3 24.Bg7 Qxc3 25.Rd1 Rd8 26.Qxf7 Nc4 27.Qxe6+ Kb8 28.Qf6 Rc8 29.Qf3 Qa5
30.Qe2 Nb2 31.Rb1 Qc3 32.e6 Re8 33.Qc2 Qa5 34.Qb3 Rxe6 35.Be5+ Ka8 36.Nc2  1-0

[Event "Tbilisi zt (Women)"]
[Site "Tbilisi"]
[Date "1993.??.??"]
[Round "5"]
[White "Khurtsidze, Nino"]
[Black "Lomineishvili, Maia"]
[Result "0-1"]
[WhiteElo "2275"]
[BlackElo "2080"]

1.e4 c5 2.Nf3 d6 3.Bb5+ Bd7 4.Bxd7+ Nxd7 5.O-O Ngf6 6.Qe2 Rc8 7.b3 g6 8.Bb2 Bg7
9.d4 cxd4 10.Nxd4 O-O 11.c4 Nc5 12.Nd2 Nh5 13.g3 Qd7 14.Rad1 a6 15.Ba1 Rcd8
16.b4 Ne6 17.N2b3 Nxd4 18.Bxd4 Qa4 19.Bxg7 Kxg7 20.Qb2+ Kg8 21.a3 Nf6 22.Rfe1 b6
23.Rd4 Qc6 24.e5 dxe5 25.Rxe5 Qc7 26.Qe2 e6 27.c5 Rxd4 28.Nxd4 Nd7 29.Rg5 bxc5
30.bxc5 Nxc5 31.h4 Qd6 32.Qc4 Ne4 33.Rg4 Nf6 34.Rg5 Qxa3 35.Nc6 Qf3 36.Ra5 Ng4
37.Ne7+ Kg7 38.Qd4+ e5 39.Qd2 Rd8 40.Ra3 Qf6 41.Qe2 Qxe7  0-1

[Event "Tel Aviv ASA"]
[Site "Tel Aviv"]
[Date "1993.??.??"]
[Round "4"]
[White "Oratovsky, Michael"]
[Black "Mashian, Yaacov"]
[Result "1-0"]
[WhiteElo "2420"]
[BlackElo "2230"]

1.e4 c5 2.Nf3 d6 3.Bb5+ Bd7 4.Bxd7+ Qxd7 5.c4 Nc6 6.Nc3 Nf6 7.O-O e6 8.d4 cxd4
9.Nxd4 Be7 10.b3 O-O 11.Bb2 Rfd8 12.Re1 Rac8 13.Rc1 Qe8 14.Nxc6 bxc6 15.Qd4 c5
16.Qe3 Qf8 17.Qg3 Ne8 18.f4 Kh8 19.Rc2 Rd7 20.Rf2 Rcd8 21.f5 Bf6 22.fxe6 fxe6
23.e5 dxe5 24.Ne4 Rd1 25.Rff1 Rxe1 26.Qxe1 Qe7 27.Ba3 Rc8 28.Qe3 h6 29.Bxc5 Qc7
30.Bxa7 Be7 31.Bb6 Qc6 32.a4 Nf6 33.Nxf6 Bxf6 34.a5 Ra8 35.h3 Kg8 36.Rd1 Kf7
37.Qd3 e4 38.Qd7+ Qxd7 39.Rxd7+ Kg6 40.Kf2 Bc3 41.Ke3 Bxa5 42.Bd4 e5 43.Bxe5 Kf5
44.Rd5 Ke6 45.Kxe4 Be1 46.Rd6+ Ke7 47.Rg6 Ra2 48.Rxg7+ Kf8 49.Rg6 Re2+ 50.Kd5 Re3
51.c5 Rxb3 52.Ke6 Bd2 53.Bd6+  1-0

[Event "Tel Aviv ASA"]
[Site "Tel Aviv"]
[Date "1993.??.??"]
[Round "10"]
[White "Klinova, Masha"]
[Black "Mashian, Yaacov"]
[Result "1-0"]
[WhiteElo "2265"]
[BlackElo "2230"]

1.e4 c5 2.Nf3 d6 3.Bb5+ Bd7 4.Bxd7+ Qxd7 5.c4 Qg4 6.O-O Qxe4 7.d4 cxd4 8.Re1 Qc6
9.Nxd4 Qd7 10.Nc3 Nc6 11.Bf4 e6 12.Ndb5 a6 13.Nxd6+ Bxd6 14.Bxd6 Nge7 15.Na4 Rd8
16.c5 b5 17.Nb6 Qa7 18.a4 b4 19.Qf3 O-O 20.Rad1 h6 21.g4 Rfe8 22.Rd3 Qb7
23.Red1 Nc8 24.Nxc8 Qxc8 25.g5 hxg5 26.Qh5 g4 27.h3 g6 28.Qh6 e5 29.Rg3 Nd4
30.hxg4 Ne2+ 31.Kh2 Nxg3 32.Kxg3 Rxd6 33.cxd6 Qc4 34.Rh1 Qd3+ 35.f3  1-0

[Event "Tilburg"]
[Site "Tilburg"]
[Date "1993.??.??"]
[Round "1"]
[White "Leko, Peter"]
[Black "Ruban, Vadim"]
[Result "1/2-1/2"]
[WhiteElo "2555"]
[BlackElo "2590"]

1.e4 c5 2.Nf3 d6 3.Bb5+ Nc6 4.Bxc6+ bxc6 5.O-O e5 6.c3 Bg4 7.h3 Bxf3 8.Qxf3 Nf6
9.Rd1 Be7 10.d4 cxd4 11.cxd4 exd4 12.Rxd4 Qb6 13.Rd1 O-O 14.Nc3 Rfe8 15.b3 Bf8
16.Bg5 Re6 17.Rac1 Rae8 18.Na4 Qa6 19.Bxf6 Rxf6 20.Qg3 Rfe6 21.Rc4 g6 22.Qf3 Bg7
23.Qd3 c5 24.f3 Qa5 25.Nc3 Bd4+ 26.Kh1 f5 27.Nd5 fxe4 28.fxe4 Qd8 29.Rf1 Rf8
30.Rcc1 Ree8 31.g3 Rxf1+ 32.Rxf1 Rf8 33.Kg2 Rxf1 34.Qxf1 Be5 35.Qb5 h5 36.h4 Kh8
37.Qb7 Qe8 38.Qe7 Qxe7 39.Nxe7 Kg7 40.Nc6 a6 41.Nxe5 dxe5 42.Kf3 Kf6 43.Ke3 Ke6
44.Kd3 Kd7 45.Kc3 Kc7 46.a3 Kc6 47.Kc4 Kd6 48.b4 cxb4  1/2-1/2

[Event "Timisoara zt-A (Women)"]
[Site "Timisoara"]
[Date "1993.??.??"]
[Round "4"]
[White "Grabics, Monika"]
[Black "Brustman, Agnieszka"]
[Result "1-0"]
[WhiteElo "2185"]
[BlackElo "2300"]

1.e4 c5 2.Nf3 d6 3.Bb5+ Nc6 4.O-O Bd7 5.c3 Nf6 6.Re1 a6 7.Bxc6 Bxc6 8.d4 Bxe4
9.Bg5 d5 10.Nbd2 Bxf3 11.Qxf3 e6 12.Bxf6 gxf6 13.c4 Bh6 14.Rad1 Bxd2 15.Rxd2 dxc4
16.Red1 Qd5 17.Qxf6 Rg8 18.g3 Qg5 19.Qf3 O-O-O 20.Qxf7 Rg6 21.f4 Qh5 22.Qe7 Qf3
23.Qxc5+ Kb8 24.Qe5+ Ka8 25.Rf1 Qc6 26.Rc2 Rdg8 27.Rc3 Qb6 28.Rf2 Qb4 29.a3 Qb5
30.Qc7 Qa4 31.Qxc4 Qd1+ 32.Kg2 h5 33.Qd3 Qg4 34.Qf3 Qf5 35.Rc7 Qb5 36.Rc5 Qd7
37.Qxh5 Qxd4 38.Qe5 Qd7 39.Rfc2 Rh6 40.Rc7 Qd5+ 41.Qxd5 exd5 42.Rc8+ Rxc8
43.Rxc8+ Ka7 44.Rd8 Rb6 45.b4 Rc6 46.Rxd5 Rc2+ 47.Kh3 Rc3 48.f5 Rxa3 49.Rd4 a5
50.f6  1-0

[Event "Ufa"]
[Site "Ufa"]
[Date "1993.??.??"]
[Round "?"]
[White "Kalegin, Evgenij"]
[Black "Fedorov, Alexei"]
[Result "1/2-1/2"]
[WhiteElo "2355"]
[BlackElo "2490"]

1.e4 c5 2.Nf3 d6 3.Bb5+ Nd7 4.O-O a6 5.Bxd7+ Bxd7 6.c3 Nf6 7.Re1 e6 8.d4 cxd4
9.cxd4 d5 10.e5 Ne4 11.Nbd2 Nxd2 12.Qxd2 Be7 13.Qf4 h6 14.Qg3 g6 15.h4 Qb6
16.Qf4 Bb5 17.Re3 Rc8 18.Rb3 Qa7 19.Bd2 Be2 20.Rc1 Rxc1+ 21.Bxc1 g5 22.hxg5 hxg5
23.Nxg5 Bxg5 24.Qxg5 Qxd4 25.Bd2 Qg4 26.Qf6 Qh4 27.Qxh4 Rxh4 28.Rxb7 Re4
29.f4 Bb5 30.g3 d4 31.Rb8+ Kd7 32.Ba5 Bc4 33.Rd8+ Kc6 34.Rc8+ Kb5 35.a4+ Kxa4
36.Rxc4+ Kxa5 37.Rc7 d3 38.Rd7 Re1+ 39.Kf2 Re2+ 40.Kf3 Rxb2 41.Rxd3 Rb7 42.Rd1 Kb5
43.Kg4 a5 44.Kg5 a4  1/2-1/2

[Event "USA-ch (Women)"]
[Site "?"]
[Date "1993.??.??"]
[Round "?"]
[White "Khan, Anna"]
[Black "Tverskaya, Julia"]
[Result "1/2-1/2"]
[WhiteElo "2230"]
[BlackElo "2090"]

1.e4 c5 2.Nf3 d6 3.Bb5+ Nd7 4.O-O a6 5.Bxd7+ Bxd7 6.d4 cxd4 7.Qxd4 e5 8.Qd3 Be7
9.b3 h6 10.Ba3 Bc6 11.c4 Nf6 12.Nc3 O-O 13.Rfe1 Qa5 14.Bb2 Rfd8 15.Rad1 b5
16.Nd5 Bxd5 17.cxd5 Rac8 18.Qb1 Rd7 19.Re2 Bd8 20.Bc1 Rdc7 21.Bd2 Qb6 22.Be3 Qb7
23.h3 Nh7 24.Rc1 Rxc1+ 25.Bxc1 Qc7 26.Ba3 Ng5 27.Ne1 Be7 28.Rc2 Qd7 29.Rxc8+ Qxc8
30.h4 Nh7 31.Qc2 Qxc2 32.Nxc2 a5 33.Ne3 g6 34.g3 Nf6 35.f3 Kf8  1/2-1/2

[Event "USA-ch (Women)"]
[Site "?"]
[Date "1993.??.??"]
[Round "?"]
[White "Khan, Anna"]
[Black "Belakovskaia, Anjelina"]
[Result "0-1"]
[WhiteElo "2230"]
[BlackElo "2290"]

1.e4 c5 2.Nf3 d6 3.Bb5+ Bd7 4.Bxd7+ Qxd7 5.O-O Nf6 6.e5 dxe5 7.Nxe5 Qc7 8.Qe2 Nc6
9.Nxc6 Qxc6 10.Nc3 e6 11.Qb5 Rc8 12.Qxc6+ Rxc6 13.d3 c4 14.d4 Bb4 15.Ne2 Kd7
16.c3 Ba5 17.Bg5 Nd5 18.Rfd1 Bc7 19.Rab1 b5 20.Kf1 Rb8 21.a3 Bd6 22.Bd2 Kc7
23.g3 Kb6 24.Ng1 Rbc8 25.Nf3 h6 26.Ne1 Ka5 27.Nc2 Ka4 28.Nb4 Rb6 29.Nxd5 exd5
30.Ke2 Kb3 31.Rdc1 Re8+ 32.Kd1 Rb7 33.Ra1 a5 34.a4 bxa4 35.Rcb1 Rbe7 36.Ra3+ Bxa3
37.bxa3+ Ka2 38.Kc2 Re2 39.Rb2+ Kxa3 40.Rb1 Rxd2+ 41.Kxd2 Ka2 42.Rb5 a3 43.Kd1 f5
44.Kd2 g5 45.Rxd5 Rb8 46.Rxa5 Kb2  0-1

[Event "EU-ch U18"]
[Site "Vejen"]
[Date "1993.??.??"]
[Round "1"]
[White "Oratovsky, Michael"]
[Black "Aagaard, Jacob"]
[Result "1-0"]
[WhiteElo "2440"]
[BlackElo "2255"]

1.e4 c5 2.Nf3 d6 3.Bb5+ Nc6 4.Bxc6+ bxc6 5.O-O Bg4 6.d3 e5 7.Nbd2 Qd7 8.c3 Ne7
9.h3 Be6 10.Ng5 h6 11.Nxe6 Qxe6 12.d4 cxd4 13.cxd4 g5 14.dxe5 dxe5 15.Qb3 Qg6
16.Nc4 Bg7 17.Qb7 Rd8 18.b3 Rd7 19.Qb8+  1-0

[Event "EU-ch U18"]
[Site "Vejen"]
[Date "1993.??.??"]
[Round "2"]
[White "Turner, Matthew"]
[Black "Tratar, Marko"]
[Result "1-0"]
[WhiteElo "2400"]
[BlackElo "2290"]

1.e4 c5 2.Nf3 d6 3.Bb5+ Bd7 4.Bxd7+ Nxd7 5.O-O Ngf6 6.Re1 e6 7.b3 Be7 8.Bb2 O-O
9.c4 a6 10.d4 cxd4 11.Nxd4 Qc7 12.Nc3 Rfd8 13.Qe2 Bf8 14.Rad1 g6 15.Nc2 Bg7
16.Ne3 Qb8 17.f3 Qc7 18.Kh1 Rac8 19.Qd2 Ne5 20.f4 Nc6 21.Ncd5 Nxe4 22.Qc2 exd5
23.Nxd5 Nb4 24.Nxb4 f5 25.Nd5 Qf7 26.Bxg7 Qxg7 27.g4 Re8 28.gxf5 Nf6 29.Qg2 Nxd5
30.Qxd5+ Kh8 31.fxg6 hxg6 32.Qxd6 Qc3 33.Rxe8+ Rxe8 34.Qd4+ Qxd4 35.Rxd4 Re1+
36.Kg2 Re2+ 37.Kg3 Rxa2 38.Rd8+ Kg7 39.Rd7+ Kf6 40.Rxb7 Kf5 41.Rf7+ Ke6 42.Rc7 Rb2
43.Kg4 Rg2+ 44.Kf3 Rxh2 45.Rc6+ Kf5 46.Rc5+ Kf6 47.Ra5 Rh3+ 48.Ke4 Rxb3 49.Rxa6+ Kf7
50.c5 Rb4+ 51.Ke5 Rc4 52.c6 Ke7 53.Ra7+ Kd8 54.Rd7+ Kc8 55.Rd6 Rc5+ 56.Kd4 Rf5
57.Ke4  1-0

[Event "EU-ch U18"]
[Site "Vejen"]
[Date "1993.??.??"]
[Round "4"]
[White "Oratovsky, Michael"]
[Black "Ceteras, Marius"]
[Result "1-0"]
[WhiteElo "2420"]
[BlackElo "2330"]

1.e4 c5 2.Nf3 d6 3.Bb5+ Nc6 4.Bxc6+ bxc6 5.O-O e5 6.c3 Bg4 7.d3 g6 8.d4 cxd4
9.cxd4 Bxf3 10.gxf3 exd4 11.Qxd4 Qf6 12.Qc3 Qxc3 13.Nxc3 Nf6 14.Rd1 O-O-O
15.Be3 Kb7 16.Rd4 Nd7 17.Rad1 Ne5 18.Rb4+ Ka8 19.f4 Ng4 20.Bd4 Rg8 21.Ra4 Rd7
22.f3 Nh6 23.Ra6 Rc7 24.Rc1 Kb8 25.Ne2 c5 26.Bf6 Kb7 27.Ra3 Bg7 28.Bxg7 Rxg7
29.Nc3 Rc6 30.Rb3+ Kc8 31.Nb5 f6 32.Rd3 Rd7 33.Rcd1 Nf7 34.Nc3 Rb7 35.R3d2 f5
36.exf5 gxf5 37.Re1 Kd8 38.Rde2 d5 39.Re8+ Kc7 40.R1e7+ Kb6 41.Nxd5+ Ka6
42.Rxb7 Rg6+ 43.Kf2 Kxb7 44.Re7+ Kc6 45.Ne3 Nd6 46.Rxh7 a6 47.h4 Rg8 48.Rh6 Kd7
49.b3 Rb8 50.Rf6 Ke7 51.Nd5+ Kd7 52.h5 a5 53.h6 Rh8 54.Rg6 Kc6 55.Nf6 Kb5
56.Nd7 Kc6 57.Ne5+  1-0